000 00607nam a2200217Ia 4500
003 OSt
005 20230119110846.0
008 210210b1817 xxu||||| |||| 00| 0 eng d
040 _cAL
041 _aeng
082 _a954/500
100 _aMark Wilks
_969375
245 _aHistorical Sketches of the South of India in an attempt to trace the History of Mysoor Vol II
260 _aLondon
_bLongman, Brown, Green, and Longmans.
_c1817
440 _aVol 2
_969353
650 _aMysur
_969354
690 _aIndian History
_969355
700 _aWILKS (Mark)
_969357
906 _a026258
942 _2ddc
_cBK
999 _c153315
_d153315